000 00397nam a2200169Ia 4500
008 210210b1952 xxu||||| |||| 00| 0 eng d
041 _aeng
082 _a534/57
100 _aKOLLER (Lewis R)
245 _aUltraviolet radiation
260 _aLondon
_bJohn Wisden & co ltd.,
_c1952
300 _a270
650 _aUltraviolet
650 _aradiation
690 _aPhysics
906 _a008545
999 _c126492
_d126492